Indian Financial Institutions (Record no. 1675)

MARC details
000 -LEADER
fixed length control field 00400nam a22001577a 4500
005 - DATE AND TIME OF LATEST TRANSACTION
control field 20180227170243.0
008 - FIXED-LENGTH DATA ELEMENTS--GENERAL INFORMATION
fixed length control field 160525b xxu||||| |||| 00| 0 eng d
041 ## - LANGUAGE CODE
Language code of text/sound track or separate title eng
082 ## - DEWEY DECIMAL CLASSIFICATION NUMBER
Item number 4846
Classification number 332
100 ## - MAIN ENTRY--AUTHOR NAME
Personal name Srivastava, R.M & Nigam , Divya
245 ## - TITLE STATEMENT
Title Indian Financial Institutions
260 ## - PUBLICATION, DISTRIBUTION, ETC. (IMPRINT)
Place of publication New Delhi
Name of publisher Academic Faundation
300 ## - PHYSICAL DESCRIPTION
Number of Pages 751
650 ## - SUBJECT ADDED ENTRY--TOPICAL TERM
Topical Term Management
942 ## - ADDED ENTRY ELEMENTS (KOHA)
Koha item type Books
Holdings
Lost status Damaged status Collection code Home library Current library Shelving location Date acquired Cost, normal purchase price Full call number Accession Number Koha item type
    MANAGEMENT JRU Library JRU Library SHELF-59-M 25/05/2016 275.00 332 4846 Books